000 00572nam a2200205Ia 4500
003 OSt
005 20230421113756.0
008 210423s2010 xx 000 0 und d
020 _a9788181286398
040 _cAL
041 _aeng
082 _a519.535
_223
_bGHOS
100 _aGHORPADE (Sudhir R);LIMAYE (Balmohan).
_991496
245 _aCourse in multivariable calculus and analysis.
260 _aNew Delhi
_bSpringer Verlag
_c2010
300 _axii,475
_bPB
365 _b495
_cINR
906 _aanalysis. ; calculus ; Course ; multivariable
942 _2ddc
_cBK
999 _c160853
_d160853